| 000 | 00458pam a2200157a 44500 | ||
|---|---|---|---|
| 008 | 230515b1979 xxu||||| |||| 00| 0 eng d | ||
| 020 | _aNULL | ||
| 041 | _aENGLISH | ||
| 082 | _a303.44 KUL | ||
| 100 | _a"KULKARNI P.D.," | ||
| 245 | _aSOCIAL POLICY AND SOCIAL DEVELOPEMENTIN INDIA | ||
| 250 | _a0 | ||
| 260 |
_aMADRAS _bASSOCIATION OF SCHOOLS OF SOCIAL WORK IN INDIA _c1979 |
||
| 300 | _a137 | ||
| 650 | _a"SOCIAL SCIENCE,SOCIAL POLICYSOCIAL DEVELOPEMENT" | ||
| 999 |
_c541095 _d541095 |
||